00811nam a2200253 a 450000100060000000300090000600500170001500800410003202000150007302000180008804000280010608200180013410000210015224501350017325000120030826000510032030000450037150000200041665000230043665000330045965000240049270000210051670000200053711817BD-DhUAP20201118122826.0090729r20082001enka 000 0 eng d a8131500810 a9788131500811 aDLCcDLCdBD-DhUAPbEng00223a543.5 PAV aPavia, Donald L. aIntroduction to spectroscopy : ba guide for students of organic chemistry /cDonald L. Pavia, Gary M. Lampman and George S. Kriz. a3rd ed. aAustralia :bThomson,cc2001 [Reprinted 2008]. avarious pages :billustrations ;c26 cm. aIncludes index. aSpectrum analysis. aOrganic compoundsxAnalysis. aChemistry, Organic. aLampman, Gary M. aKriz, George S.